000 00405nam a2200181Ia 4500
008 210210b xxu||||| |||| 00| 0 eng d
041 _aeng
082 _a879/24
100 _a-
245 _aKalkathayile rahasyangal Part III
260 _a
_bNot Mentioned
_c
650 _arahasyangal
650 _aPart
650 _aKalkathayile
650 _aIII
690 _aMalayalam Fiction
906 _a002754
999 _c124729
_d124729